01073nam a22001577a 4500008004100000020001800041050001600059245010700075250001200182260003600194300002000230440005100250500002000301505057600321700001800897140924b xxu||||| |||| 00| 0 eng d a9781405734394 aKD310.H3411 aHalsbury's laws of England : European Communities (parts 12 to 21), vol. 52. /cedited by Lord Mackay. a4th ed. aLondon :bButterworths ,c2013. a1452p. :c25cm. pEuropean Communities (parts 12 to 21)vvol. 52 aIncludes index. aContents: The communities -- The court of justice -- Application of community law in national courts -- External relations -- Economic and monetary policy -- Industrial policy and internal markets -- State aids and regional policy -- Environment and consumers -- Coal and steel -- Energy other than from coal -- Undertakings -- Customs -- Agriculture -- Fisheries -- Freedom of movement for workers -- Rights of establishments and freedom to provide services -- Freedom of movement of capital -- Transport -- Competition -- Taxation -- Social policy -- Glossary -- Index. aMackay, Lord.